Gestión de la relación con el cliente clave: una guía definitiva para administrar y mantener las grandes cuentas

Uloženo v:
Podrobná bibliografie
Hlavní autor: Burnett, Ken (Autor)
Médium: Kniha
Jazyk:španělština
Vydáno: Madrid Pearson Educación 2002
Témata:
Tagy: Přidat tag
Žádné tagy, Buďte první, kdo vytvoří štítek k tomuto záznamu!

MARC

LEADER 00000nam a2200000 a 4500
001 UCM2747
003 CL-VaPUC
008 020613e20020000SP |||||||||||||||||spa|d
020 |a 844813446X 
082 0 4 |a 658.8342  |b BUR  |2 21 
100 0 |a Burnett, Ken  |e author  |9 469525 
245 1 0 |a Gestión de la relación con el cliente clave: una guía definitiva para administrar y mantener las grandes cuentas 
300 |a 416 p 
942 |c BK 
945 |d 20020613 00:00:00  |a cmena 
260 |a Madrid  |b Pearson Educación  |c 2002 
650 0 |a Consumidores  |9 315658 
650 0 |a Psicología aplicada   |9 270762 
650 0 |a Motivación   |9 315362 
650 0 |a Negociación  |9 307187 
583 |a last modification  |c 20130102 09:25:37  |k Rodrigo Vera 
999 |c 300468  |d 300466 
952 |0 0  |1 0  |4 0  |6 658_834200000000000_BUR_2002  |7 0  |8 A  |9 358291  |a BIBENE  |b BIBENE  |d 2019-11-21  |i 3819930  |o 658.8342 BUR 2002  |p 3819930  |r 2025-01-15  |w 2019-11-21  |y BK  |k ICO 
952 |0 0  |1 0  |4 0  |6 658_834200000000000_BUR_2002  |7 0  |8 A  |9 358292  |a BIBENE  |b BIBENE  |d 2019-11-21  |i 3866211  |o 658.8342 BUR 2002  |p 3866211  |r 2025-01-15  |w 2019-11-21  |y BK  |k ICO 
952 |0 0  |1 0  |4 0  |6 658_834200000000000_BUR_2002  |7 0  |8 A  |9 358293  |a BIBENE  |b BIBENE  |d 2019-11-21  |i 3950565  |o 658.8342 BUR 2002  |p 3950565  |r 2025-01-15  |w 2019-11-21  |y BK  |k ICO